000 00994nac a22002411u 4500
010 _a008797798
020 _a0852929927 (pbk.)
082 _a658.31240
_bSIM
090 _c9708
_d9708
100 _aSimmonds, David,
245 _aDesigning and delivering training /
_cDavid Simmonds.
260 _aLondon :
_bChartered Institute of Personnel and Development, c.2003.
_cc.2003.
300 _axi, 226 p. :
_b ill. ;
_c25 cm.
500 _aDistributer: Al-Ahram.
504 _aIncludes bibliographical references and index
511 _aCatalogued By: Mahitab.
650 _aEmployees -- Training of -- Study and teaching.
650 _aTeaching -- Aids and devices -- Handbooks, manuals, etc.
650 _aPersonnel management -- Handbooks, manuals, etc.
650 _aTeams in the workplace.
942 _cBB
_k658.31240SIM
999 _c9708
_d9708